|
|
|
|
| LEADER |
00000cam a2200000 7i4500 |
| 001 |
0000012067 |
| 005 |
20080125.0 |
| 008 |
071126 |
| 020 |
|
|
|a 9833376924
|
| 090 |
0 |
0 |
|a 650.1089951
|b ANN
|
| 100 |
0 |
|
|a Ann, Wan Seng
|
| 245 |
1 |
0 |
|a Rahsia bisnes orang Cina
|c Ann Wan Seng
|
| 260 |
|
|
|a Kuala Lumpur :
|b PTS Professional Publishing ,
|c 2006
|
| 440 |
|
|
|a Bisnes & pengurusan
|
| 650 |
|
0 |
|a Business people
|
| 650 |
|
0 |
|a Chinese
|x Economic conditions
|
| 650 |
|
0 |
|a Investments, Chinese
|
| 650 |
|
0 |
|a Malay fiction
|
| 710 |
0 |
|
|a Title
|
| 999 |
|
|
|a 0000923655
|b Book
|c Adult Collection
|e Cawangan Bukit Gambir
|
| 999 |
|
|
|a 0000932795
|b Book
|c Adult Collection
|e Cawangan Tangkak
|
| 999 |
|
|
|a 0000932797
|b Book
|c Adult Collection
|e Cawangan Tangkak
|
| 999 |
|
|
|a 0001004201
|b Book
|c Adult Collection
|e Perbadanan Perpustakaan Awam Johor
|
| 999 |
|
|
|a 0001004202
|b Book
|c Adult Collection
|e Perbadanan Perpustakaan Awam Johor
|
| 999 |
|
|
|a 0001004203
|b Book
|c Adult Collection
|e Cawangan Urban Transformation Centre
|
| 999 |
|
|
|a 0001004204
|b Book
|c Adult Collection
|e Perbadanan Perpustakaan Awam Johor
|
| 999 |
|
|
|a 0001014479
|b Book
|c Adult Collection
|e Cawangan Segamat
|
| 999 |
|
|
|a 0001014480
|b Book
|c REFERENCE
|e Cawangan Taman Universiti
|
| 999 |
|
|
|a 0001014482
|b Book
|c Adult Collection
|e Cawangan Pontian
|
| 999 |
|
|
|a 0001519806
|b Book
|c Adult Collection
|e Cawangan Bandar Tenggara
|